00681nam a2200241 a 4500001001300000003000900013005001700022008004100039020000800080082001400088100001700102245004800119260003800167300000900205500003500214505001000249650002500259700001700284902000800301942000700309952011000316999001300426nice12345678IN_TiNIC20260116011346.0050524s1958 lona grp 000 0 eng  ac000a291bBOU2 aBouquet, A C aChristian Faith and Non-Christian Religion. aLondonbJames Nisbet and Coc1958 a430p aincludes index and biblioraphy2 aIndex aComparative Religion1 aBouquet, A C bSRS cBK 001040708StackRoom-aHMIbHMId2005-05-24g0.00l0o291 BOU2p02562r2005-05-24v0.00w2005-05-24yBK c818d818